B01 Financial Management: Intermediate Level (Record no. 4330)

MARC details
005 - DATE AND TIME OF LATEST TRANSACTION
control field 20250619050632.0
020 ## - INTERNATIONAL STANDARD BOOK NUMBER
International Standard Book Number 9789976780796
082 ## - DEWEY DECIMAL CLASSIFICATION NUMBER
Classification number 658.15 NBA
111 ## - MAIN ENTRY--MEETING NAME
Meeting name or jurisdiction name as entry element The National Board of Accountants and Auditors (NBAA)
245 ## - TITLE STATEMENT
Title B01 Financial Management: Intermediate Level
260 ## - PUBLICATION, DISTRIBUTION, ETC.
Place of publication, distribution, etc. Dar es salaam,
Name of publisher, distributor, etc. NBAA,
Date of publication, distribution, etc. 2019.
300 ## - PHYSICAL DESCRIPTION
Extent 562p.; ill.; figure, table
Dimensions 29cm
942 ## - ADDED ENTRY ELEMENTS (KOHA)
Source of classification or shelving scheme Dewey Decimal Classification
Koha item type Books
Holdings
Date last seen Total checkouts Full call number Barcode Cost, replacement price Price effective from Koha item type Lost status Source of classification or shelving scheme Damaged status Not for loan Withdrawn status Home library Current library Shelving location Date acquired Cost, normal purchase price
06/19/2025   658.15 NBA DOM0001997 60000.00 06/19/2025 Books   Dewey Decimal Classification       CBE Dodoma CBE Dodoma General Collection 09/27/2021 20000.00
06/19/2025   658.15 NBA DOM0001995 60000.00 06/19/2025 Books   Dewey Decimal Classification       CBE Dodoma CBE Dodoma General Collection 09/27/2021 20000.00
06/19/2025   658.15 NBA DOM0001994 60000.00 06/19/2025 Books   Dewey Decimal Classification       CBE Dodoma CBE Dodoma General Collection 09/27/2021 20000.00
06/19/2025   658.15 NBA DOM0001993 60000.00 06/19/2025 Books   Dewey Decimal Classification       CBE Dodoma CBE Dodoma General Collection 09/27/2021 20000.00
06/19/2025   658.15 NBA DOM0001996 60000.00 06/19/2025 Books   Dewey Decimal Classification       CBE Dodoma CBE Dodoma General Collection 09/27/2021 20000.00